| 000 | 01008nam a22002297a 4500 | ||
|---|---|---|---|
| 001 | 0000090198 | ||
| 003 | DO-SdBNP | ||
| 005 | 20160518094740.0 | ||
| 007 | 0000090198 | ||
| 008 | 160518b xxu||||| |||| 00| 0 spa d | ||
| 020 | _a9789945467048 | ||
| 040 |
_aBPMSU _bspa _cBPMSU |
||
| 092 |
_axxxxxx _bxxxxxx |
||
| 245 | 0 | 0 |
_amanuel laboratorio biología y química, para el 3 bachillerato : _beducacion media / |
| 246 | 0 | 0 |
_aQuímica / biología : _bmanuel de laboratorio / |
| 260 |
_aSanto Domingo : _bDisesa, |
||
| 300 |
_a45 p. : _bil. ; _c27 cm. |
||
| 500 | _aEste texto está concebido y elaborado bajo los criterios y la estructura del currículo vigente para el 3 curso Bachillerato, educación media, de la Secretaria de Estado de Educación. | ||
| 505 |
_tSeguridad en el laboratorio -- _tÁrea de biología: bloque de contenidos de biología 3 de bachillerato -- _tBloque de contenido de química y sus experimentos -- |
||
| 942 |
_2ddc _cBK |
||
| 956 |
_2LOPEREZ _310 _620160518 _8BPMSU _a00041 |
||
| 999 |
_c10157 _d10157 |
||